PlayStation Consoles - Statistics

General Stats
  • This quiz has been taken 918 times
  • The average score is 11 of 16
Answer Stats
Released in: Answer % Correct
1995 PlayStation/PS1
99%
2000 PS2
99%
2006 PS3
97%
2013 PS4
97%
2020 PS5
97%
2005 PSP/PlayStation Portable
80%
2016 PS4 Pro
65%
2024 PS5 Pro
65%
2012 PSVita/Playstation Vita
64%
2016 PS4 Slim
62%
2009 PS3 Slim
61%
2012 PS3 Super Slim/PS3 Top Loader
61%
2023 PS5 Slim
60%
2004 PS2 Slim
57%
2000 PS1 Slim
47%
1999 PocketStation
6%
No matching quizzes found
Score Distribution
Percent of People with Each Score
Percentile by Number Answered
Your Score History
You have not taken this quiz